| 000 | 01175nam a22002537a 4500 | ||
|---|---|---|---|
| 005 | 20170124103104.0 | ||
| 010 | _aB-081981 | ||
| 020 |
_c150.00 _a8126308362 |
||
| 035 | _aB-081981 | ||
| 037 | _bCen Lib/Ret | ||
| 040 |
_aDPL _bHN |
||
| 082 |
_a921 _bमेहता |
||
| 100 |
_aमेहता, महिमा _977845 |
||
| 245 |
_aउत्सव-पुरुष : _cमहिमा मेहता _bश्री नरेश मेहता / |
||
| 246 |
_aUtsav-purush : shri Naresh Mehta / _bby Mahima Mehta |
||
| 260 |
_aनयी दिल्ली _bभारतीय ज्ञानपीठ _c2003 |
||
| 270 |
_a18, इंस्टीट्युशनल एरिया, लोधी रोड _bनयी दिल्ली _e110003 |
||
| 300 |
_a175पृ. _c21सेमी (सजिल्द) |
||
| 650 |
_aमेहता, नरेश, - 1922-2000 _977846 |
||
| 650 |
_aलेखक, हिंदी - 20 वीं सदी - जीवनी। _977847 |
||
| 650 |
_aMehatā, Nareśa, -- 1922-2000. _977848 |
||
| 650 |
_aAuthors, Hindi -- 20th century -- Biography. _925543 |
||
| 942 |
_2ddc _cHN _h921 _mमेहता |
||
| 999 |
_c117990 _d117990 |
||